UBT Library

Discovering nutrition: (Record no. 1558)

000 -LEADER
fixed length control field 00312nam a22001217a 4500
008 - FIXED-LENGTH DATA ELEMENTS--GENERAL INFORMATION
fixed length control field 160423b xxu||||| |||| 00| 0 eng d
020 ## - INTERNATIONAL STANDARD BOOK NUMBER
International Standard Book Number 9781449661335
020 ## - INTERNATIONAL STANDARD BOOK NUMBER
International Standard Book Number 978144661335
041 ## - LANGUAGE CODE
Language code of text/sound track or separate title eng
080 ## - UNIVERSAL DECIMAL CLASSIFICATION NUMBER
Universal Decimal Classification number 612.39
245 ## - TITLE STATEMENT
Title Discovering nutrition:
Statement of responsibility, etc Paul Insel; Don Ross;Kimberley McMahon;
942 ## - ADDED ENTRY ELEMENTS (KOHA)
Source of classification or shelving scheme
Item type Books
Holdings
Withdrawn status Lost status Source of classification or shelving scheme Damaged status Not for loan Collection code Permanent location Current location Shelving location Date acquired Total Checkouts Full call number Barcode Date last seen Price effective from Koha item type
          Koleksioni i përgjithshem UBT - Lipjan UBT - Lipjan Koleksioni i përgjithshem 04/23/2016   612.39 INS 002-027793 04/23/2016 04/23/2016 Books
UBT Library © 2015-2024. All rights reserved University Education for Business and Technology